<?xml version="1.0" encoding="UTF-8"?>
<record
    xmlns:xsi="http://www.w3.org/2001/XMLSchema-instance"
    xsi:schemaLocation="http://www.loc.gov/MARC21/slim http://www.loc.gov/standards/marcxml/schema/MARC21slim.xsd"
    xmlns="http://www.loc.gov/MARC21/slim">

  <leader>01264nam a2200313 i 4500</leader>
  <controlfield tag="001">6165</controlfield>
  <controlfield tag="003">ES-MaACL</controlfield>
  <controlfield tag="005">20250820063019.0</controlfield>
  <controlfield tag="007">t|</controlfield>
  <controlfield tag="008">890822e1987    sp a||||rc||||00110 spa  </controlfield>
  <datafield tag="017" ind1=" " ind2=" ">
    <subfield code="a">M 41483-1987 </subfield>
    <subfield code="b">Oficina Dep&#xF3;sito Legal Madrid </subfield>
  </datafield>
  <datafield tag="020" ind1=" " ind2=" ">
    <subfield code="a">84-86630-10-X</subfield>
  </datafield>
  <datafield tag="080" ind1=" " ind2=" ">
    <subfield code="a">762(460):069.538</subfield>
  </datafield>
  <datafield tag="110" ind1="2" ind2=" ">
    <subfield code="a">Calcograf&#xED;a Nacional (Espa&#xF1;a)</subfield>
    <subfield code="e">isb</subfield>
    <subfield code="9">2350</subfield>
  </datafield>
  <datafield tag="245" ind1="1" ind2="0">
    <subfield code="a">Cat&#xE1;logo general de la Calcograf&#xED;a Nacional / </subfield>
    <subfield code="c">Calcograf&#xED;a Nacional ; [con la colaboraci&#xF3;n de Juan Carrete Parrondo ... (et al.)]</subfield>
  </datafield>
  <datafield tag="260" ind1=" " ind2=" ">
    <subfield code="a">Madrid : </subfield>
    <subfield code="b">Real Academia de Bellas Artes de San Fernando, </subfield>
    <subfield code="c">1987</subfield>
  </datafield>
  <datafield tag="300" ind1=" " ind2=" ">
    <subfield code="a">XVII, 374 p&#xE1;ginas, [368] p&#xE1;ginas de l&#xE1;minas ; </subfield>
    <subfield code="c">25 cm</subfield>
  </datafield>
  <datafield tag="594" ind1=" " ind2=" ">
    <subfield code="a">Patrocinador: Fundaci&#xF3;n Ram&#xF3;n Areces</subfield>
  </datafield>
  <datafield tag="610" ind1="2" ind2="4">
    <subfield code="a">Calcograf&#xED;a Nacional (Espa&#xF1;a)-</subfield>
    <subfield code="v">Cat&#xE1;logos</subfield>
    <subfield code="9">2351</subfield>
  </datafield>
  <datafield tag="650" ind1=" " ind2="4">
    <subfield code="a">Calcograf&#xED;a-</subfield>
    <subfield code="z">Espa&#xF1;a</subfield>
    <subfield code="9">10667</subfield>
  </datafield>
  <datafield tag="700" ind1="1" ind2=" ">
    <subfield code="a">Carrete Parrondo, Juan,</subfield>
    <subfield code="d">1944-2023</subfield>
    <subfield code="e">clb</subfield>
    <subfield code="9">35710</subfield>
  </datafield>
  <datafield tag="710" ind1="2" ind2=" ">
    <subfield code="a">Real Academia de Bellas Artes de San Fernando</subfield>
    <subfield code="e">edt</subfield>
    <subfield code="9">6291</subfield>
  </datafield>
  <datafield tag="710" ind1="2" ind2=" ">
    <subfield code="a">Fundaci&#xF3;n Ram&#xF3;n Areces</subfield>
    <subfield code="e">spn</subfield>
    <subfield code="9">4401</subfield>
  </datafield>
  <datafield tag="852" ind1="4" ind2=" ">
    <subfield code="a">ES-MaACL</subfield>
    <subfield code="b">R.115703</subfield>
    <subfield code="c">DEPO2</subfield>
    <subfield code="j">L-13343 </subfield>
    <subfield code="x">Tela</subfield>
  </datafield>
  <datafield tag="852" ind1="4" ind2=" ">
    <subfield code="a">ES-MaACL</subfield>
    <subfield code="b">R.115431</subfield>
    <subfield code="c">DEPO2</subfield>
    <subfield code="j">L-13344 </subfield>
    <subfield code="x">Tela</subfield>
  </datafield>
  <datafield tag="942" ind1=" " ind2=" ">
    <subfield code="2">udc</subfield>
    <subfield code="c">MONOGRAFIA</subfield>
    <subfield code="n">0</subfield>
  </datafield>
  <datafield tag="999" ind1=" " ind2=" ">
    <subfield code="c">6165</subfield>
    <subfield code="d">6165</subfield>
  </datafield>
  <datafield tag="952" ind1=" " ind2=" ">
    <subfield code="0">0</subfield>
    <subfield code="1">0</subfield>
    <subfield code="2">udc</subfield>
    <subfield code="4">0</subfield>
    <subfield code="7">0</subfield>
    <subfield code="a">ATENEOM</subfield>
    <subfield code="b">ATENEOM</subfield>
    <subfield code="c">DEPO2</subfield>
    <subfield code="d">2008-01-17</subfield>
    <subfield code="l">0</subfield>
    <subfield code="o">L-13343</subfield>
    <subfield code="p">1006276</subfield>
    <subfield code="r">2023-02-23 00:00:00</subfield>
    <subfield code="y">MONOGRAFIA</subfield>
  </datafield>
  <datafield tag="952" ind1=" " ind2=" ">
    <subfield code="0">0</subfield>
    <subfield code="1">0</subfield>
    <subfield code="2">udc</subfield>
    <subfield code="4">0</subfield>
    <subfield code="7">0</subfield>
    <subfield code="a">ATENEOM</subfield>
    <subfield code="b">ATENEOM</subfield>
    <subfield code="c">DEPO2</subfield>
    <subfield code="d">2008-01-17</subfield>
    <subfield code="l">0</subfield>
    <subfield code="o">L-13344</subfield>
    <subfield code="p">1006275</subfield>
    <subfield code="r">2023-02-23 00:00:00</subfield>
    <subfield code="y">MONOGRAFIA</subfield>
  </datafield>
</record>
